ბათუმის შოთა რუსთაველის სახელმწიფო უნივერსიტეტის ბიბლიოთეკა

История России. XX-до начала XXI века. (ბიბ.ჩანაწერი № 35119)

000 -LEADER
fixed length control field 00552nam a2200217Ia 4500
001 - CONTROL NUMBER
control field 960
003 - CONTROL NUMBER IDENTIFIER
control field GE_BSU
008 - FIXED-LENGTH DATA ELEMENTS--GENERAL INFORMATION
fixed length control field 181216s||||||||xx |||||||||||||| ||und||
020 ## - INTERNATIONAL STANDARD BOOK NUMBER
International Standard Book Number 9785690181599
040 ## - CATALOGING SOURCE
Transcribing agency GE_BSU
080 ## - UNIVERSAL DECIMAL CLASSIFICATION NUMBER
Universal Decimal Classification number 94(470)(47+57)
245 ## - TITLE STATEMENT
Title История России. XX-до начала XXI века.
245 ## - TITLE STATEMENT
Statement of responsibility, etc. Под ред. Милова.Л.В.и др.
260 ## - PUBLICATION, DISTRIBUTION, ETC.
Place of publication, distribution, etc. Москва
260 ## - PUBLICATION, DISTRIBUTION, ETC.
Name of publisher, distributor, etc. Эксмо
260 ## - PUBLICATION, DISTRIBUTION, ETC.
Date of publication, distribution, etc. 2009
300 ## - PHYSICAL DESCRIPTION
Extent 960 с.
653 ## - INDEX TERM--UNCONTROLLED
Uncontrolled term История Росии.
942 ## - ADDED ENTRY ELEMENTS (KOHA)
Koha item type წიგნი
ეგზემპლარები
Withdrawn status Lost status Damaged status Not for loan Date acquired Barcode Date last seen Price effective from Koha item type
        2018-12-17 1582 2018-12-17 2018-12-17 წიგნი